[Event "Quezon City op"]
[Site "Quezon City"]
[Date "2014.12.09"]
[Round "6"]
[White "Pascua, Haridas"]
[Black "Reyes, Narquinden"]
[Result "1-0"]
[WhiteElo "2404"]
[BlackElo "2245"]
[PlyCount "125"]
[EventDate "2014.12.06"]
[EventType "swiss"]
[EventRounds "10"]
[EventCountry "PHI"]
[SourceTitle "CBM 163 Extra"]
[Source "ChessBase"]
[SourceDate "2014.12.23"]
[SourceVersion "1"]
[SourceVersionDate "2014.12.23"]
[SourceQuality "1"]

1. c4 c6 2. Nf3 d5 3. d4 Nf6 4. e3 Bf5 5. Nc3 e6 6. Nh4 Bg6 7. Nxg6 hxg6 8. g3 Nbd7 9. cxd5 cxd5 10. Bg2 Be7 11. 0-0 0-0 12. a4 Rc8 13. Bd2 Nb6 14. b3 Bb4 15. Qe1 Qe7 16. a5 Na8 17. Na4 Bd6 18. Nc3 Nc7 19. Qe2 Rfd8 20. Rfb1 Nd7 21. Ra4 Na6 22. Nb5 Bb8 23. b4 Nf6 24. Be1 Qd7 25. Ra2 Ne8 26. Nc3 Bd6 27. Na4 Qe7 28. Rab2 Nb8 29. Qd1 Nf6 30. Bf1 g5 31. Nc5 g6 32. a6 bxa6 33. Nxa6 Nxa6 34. Bxa6 Rb8 35. Bd3 Rd7 36. b5 Kg7 37. Ra2 Ne8 38. Rba1 f5 39. h3 Nf6 40. Ra6 g4 41. hxg4 Nxg4 42. Be2 Nf6 43. Qa4 Rbb7 44. Rc1 g5 45. f3 Kg6 46. Rcc6 Ne8 47. Bb4 Kf7 48. Bc5 Qd8 49. f4 g4 50. Rxa7 Rxa7 51. Bxa7 Qa8 52. b6 Be7 53. Rc2 Rb7 54. Bb5 Nd6 55. Bc6 Bd8 56. Bxb7 Qxb7 57. Qc6 Ke7 58. Qxb7+ Nxb7 59. Bb8 Kd7 60. Bc7 Be7 61. Rh2 Na5 62. Rh7 Nc6 63. Be5 1-0